000 00702nam a2200217 u 4500
005 20240420064050.0
008 151020s1993 r 000 0 eng d
020 _a9682955777
035 _aUPN01000206197
049 _aLTG
050 4 _aLB2892
_bD5.7 1993 LM
245 0 0 _aDirectivos primaria :
_bcuaderno para el maestro 1993 /
260 _aMéxico :
_bSEP, Dirección General de Métodos y Auxiliares Didácticos,
_c1993.
300 _a77 p.
440 0 _aPrograma de actualización del maestro
650 4 _aEscuelas
_xDirección y organización
_zMéxico
_911302
650 2 _aGestión escolar
_914104
650 4 _aCalidad de la educación
_94684
905 _aLibro
999 _c178298
_d178298